Normal view
MARC view
- الأسمر، فوزي؛ ترجمة عبدالله، صوفي ، ترجمة لوقا، نظمي
Entry Personal Name
001 - CONTROL NUMBER
- control field: 18693
003 - CONTROL NUMBER IDENTIFIER
- control field: JO-AjAnu
005 - DATE AND TIME OF LATEST TRANSACTION
- control field: 20230606073258.0
008 - FIXED-LENGTH DATA ELEMENTS
- fixed length control field: 230606|| aca||aabn | a|a d
040 ## - CATALOGING SOURCE
- Original cataloging agency: JO-AjAnu
- Transcribing agency: JO-AjAnu
100 ## - HEADING--PERSONAL NAME
- Personal name: الأسمر، فوزي؛ ترجمة عبدالله، صوفي ، ترجمة لوقا، نظمي
670 ## - SOURCE DATA FOUND
- Source citation: Work cat.: (JO-AjAnu)9595: الأسمر، فوزي؛ ترجمة عبدالله، صوفي ، ترجمة لوقا، نظمي, author, عربي في اسرائيل